000 00976nam a2200205 i 4500
001 154652
003 ES-MaACL
005 20250826055441.0
008 020730s1887 sp |||| | spa d
100 1 _aGordillo Lozano, Gaspar.
_9127474
245 1 0 _aReformas de la enseñanza de la medicina
_b: colección de artículos publicados en "El Dictamen" /
_cpor el Doctor Gaspar Gordillo Lozano.
260 _aMadrid :
_b[s.n.],
_c1887 (
_fImp. Popular, á cargo de Tomás Rey)
300 _a68 p. ;
_c22 cm.
530 _aDisponible también en sitio web.
650 7 _aMedicina-
_xEstudio y enseñanza
_2
_9141679
852 _aES-MaACL
_jFol-Laf-373
_z-- Rúst.
_z-- Legado de Modesto de la Fuente
852 _aES-MaACL
_jT-472-F-11
_z-- Enc. hol., falto de la cub. original
_z-- Enc. en un vol. facticio
856 _uhttp://bibliotecadigitalhispanica.bne.es:80/webclient/DeliveryManager?pid=1831948&custom_att_2=simple_viewer
_zIr a la página
999 _c154652
_d154652